QUANTITATIVE PHARMACEUTICAL CHEMISTRY (Record no. 15898)

MARC details
000 -LEADER
fixed length control field 00408nam a22001577a 4500
003 - CONTROL NUMBER IDENTIFIER
control field OSt
005 - DATE AND TIME OF LATEST TRANSACTION
control field 20211029150843.0
008 - FIXED-LENGTH DATA ELEMENTS--GENERAL INFORMATION
fixed length control field 211029b |||||||| |||| 00| 0 eng d
040 ## - CATALOGING SOURCE
Original cataloging agency DDC
Transcribing agency HU
082 ## - DEWEY DECIMAL CLASSIFICATION NUMBER
Edition number 6TH
Classification number 615
Item number 1
100 ## - MAIN ENTRY--PERSONAL NAME
Personal name GLENN L. JENKINS
9 (RLIN) 16324
245 ## - TITLE STATEMENT
Title QUANTITATIVE PHARMACEUTICAL CHEMISTRY
250 ## - EDITION STATEMENT
Edition statement 6TH
260 ## - PUBLICATION, DISTRIBUTION, ETC.
Place of publication, distribution, etc. NEW YORK
Name of publisher, distributor, etc. MC GRAW HILL BOOK COMPANY
Date of publication, distribution, etc. 1967
942 ## - ADDED ENTRY ELEMENTS (KOHA)
Source of classification or shelving scheme Dewey Decimal Classification
Koha item type Books like text book referance book
Suppress in OPAC No
Holdings
Withdrawn status Lost status Source of classification or shelving scheme Damaged status Not for loan Home library Current library Date acquired Total Checkouts Full call number Barcode Date last seen Copy number Price effective from Koha item type
    Dewey Decimal Classification     College of Medicine and Health’s Sciences Library College of Medicine and Health’s Sciences Library 10/29/2021   615-J4-1967 CMHSL00004139 10/29/2021 1 10/29/2021 Books like text book referance book